Badhir badhirta our sampreshan vikalp (Record no. 393822)

MARC details
000 -LEADER
fixed length control field 00322 a2200133 4500
000 - LEADER
fixed length control field nam a22 7a 4500
100 ## - MAIN ENTRY--PERSONAL NAME
Personal name Jaat, Kamlesh
110 ## - MAIN ENTRY--CORPORATE NAME
Corporate name or jurisdiction name as entry element Jaat, Kamlesh
245 ## - TITLE STATEMENT
Title Badhir badhirta our sampreshan vikalp
250 ## - EDITION STATEMENT
Edition statement Latest edition
260 ## - PUBLICATION, DISTRIBUTION, ETC.
Name of publisher, distributor, etc. V R Books
Date of publication, distribution, etc. 2025
264 ## - PRODUCTION, PUBLICATION, DISTRIBUTION, MANUFACTURE, AND COPYRIGHT NOTICE
Name of producer, publisher, distributor, manufacturer V R Books
Date of production, publication, distribution, manufacture, or copyright notice 2025
942 ## - ADDED ENTRY ELEMENTS (KOHA)
Koha item type Books
Holdings
Date last seen Total checkouts Barcode Cost, replacement price Price effective from Koha item type Lost status Source of classification or shelving scheme Damaged status Not for loan Withdrawn status Home library Current library Date acquired Source of acquisition Cost, normal purchase price
02/12/2025   443352 450.00 02/12/2025 Books   Dewey Decimal Classification       VIVEKANANDA LIBRARY VIVEKANANDA LIBRARY 02/12/2025 628 337.50
02/12/2025   443353 450.00 02/12/2025 Books   Dewey Decimal Classification       VIVEKANANDA LIBRARY VIVEKANANDA LIBRARY 02/12/2025 628 337.50
02/12/2025   443355 450.00 02/12/2025 Books   Dewey Decimal Classification       VIVEKANANDA LIBRARY VIVEKANANDA LIBRARY 02/12/2025 628 337.50
02/12/2025   443354 450.00 02/12/2025 Books   Dewey Decimal Classification       VIVEKANANDA LIBRARY VIVEKANANDA LIBRARY 02/12/2025 628 337.50
02/12/2025   443356 450.00 02/12/2025 Books   Dewey Decimal Classification       VIVEKANANDA LIBRARY VIVEKANANDA LIBRARY 02/12/2025 628 337.50
© Designed and Maintained by Vivekananda Library, MDU Rohtak